Guess Wanna One as Babies Quiz Stats

 Plays Quiz not verified by Sporcle

Challenge
Share
Tweet
Score 0/11 Timer 03:00
1 Play Today
% Correct
Guanlin
92.6%
Minhyun
90.7%
Daehwi
87.6%
Seongwoo
87.5%
Jaehwan
86.7%
Jinyoung
85.4%
Daniel
83.5%
Jihoon
83.3%
Woojin
83.1%
Sungwoon
82.8%
Jisung
81.5%

You're not logged in!

Compare scores with friends on all Sporcle quizzes.
OR
Log In

You Might Also Like...

Show Comments

Extras

Top Quizzes Today


Score Distribution

Your Account Isn't Verified!

In order to create a playlist on Sporcle, you need to verify the email address you used during registration. Go to your Sporcle Settings to finish the process.

Report this User

Report this user for behavior that violates our Community Guidelines.

Details: